Les pays premiers dans chaque catégorie - Statistiques

Statistiques générales
  • Ce quiz a été pris 668 fois
    655 depuis la dernière actualisation
  • Le résultat moyen est 13 sur 43
Statistiques - réponses
Question Réponse % Correct
Pays avec la plus grande superficie Russie (17 125 187 km2)
100%
Pays le plus peuplé Chine (1 350 695 000 habitants)
97%
Pays avec la plus petite superficie Vatican (0,44 km2)
93%
Pays le plus touristique France (83 millions de touristes internationaux)
88%
Pays avec le plus gros PIB États-Unis (18 287 000 millions de dollars américains)
84%
Pays le moins peuplé Vatican (921 habitants)
80%
Pays au point culminant le plus haut Népal et Chine (8 848 mètres)
60%
Pays qui produit le plus de films Inde (1600 en 2013)
50%
Seul pays à avoir un drapeau qui ne soit pas un quadrilatère Népal (deux triangles imbriqués)
47%
Pays avec le plus de frontières Chine (22 147 km)
44%
Pays avec le plus de prisonniers États-Unis (2 292 133 détenus)
44%
Pays avec le plus de côtes Canada (202 080 km)
43%
Pays avec le plus de saunas Finlande (1 sauna pour 3,5 habitants)
38%
Pays avec le plus d'habitants au km2 Monaco (16 905 habitants)
36%
Seul pays à avoir un monument sur son drapeau Cambodge (le temple d'Angkor Vat)
35%
Pays le plus récent Soudan du Sud (9 juillet 2011)
35%
Pays qui a l'armée la plus nombreuse Corée du Nord (9 495 000 soldats)
34%
Pays avec le plus de sites classés au patrimoine mondiale de l'UNESCO Italie (41 sites classés)
34%
Pays avec le moins d'habitants au km2 Mongolie (1,8 habitants)
34%
Pays avec le plus gros solde migratoire États-Unis (5 millions habitants de plus entre 2007 et 2011)
31%
Pays où il y a le plus de volcans actifs Indonésie (167)
30%
Pays où l'espérance de vie est la plus haute Monaco (87,2 ans)
27%
Pays avec le plus fort taux de natalité Niger (49,62 ‰)
20%
Pays avec le plus faible taux de natalité Japon (8,1 ‰)
18%
Pays avec la plus petite mortalité infantile Monaco (1,8 ‰)
12%
Pays au plus fort taux d'homicides Salvador (72 pour 100 000)
11%
Pays avec le plus petit PIB Tuvalu (38 millions de dollars américains)
11%
Pays au point culminant le plus bas Maldives (2 mètres)
10%
Pays où la population adulte est la plus obèse Nauru (71,1 %)
9%
Pays où il y a le plus de langues Papouasie-Nouvelle-Guinée (750 langues)
9%
Pays où l'espérance de vie est la plus basse Sierra Leone (47,5 ans)
9%
Pays où on boit la plus d'alcool Biélorussie (17,5 litres par personne par an)
8%
Pays avec le plus bas solde migratoire Inde (3 millions habitants de moins entre 2007 et 2011)
8%
Seul pays à avoir deux faces sur son drapeau Paraguay
8%
Pays avec le moins de prisonniers Saint-Marin (2 détenus)
8%
Pays où il y a le plus de rapports sexuels Grèce (164 par an par adultes)
6%
Pays avec la plus grande mortalité infantile Afghanistan (121,63 ‰)
5%
Pays avec le plus de suicides Biélorussie (31,5 pour 100 000)
4%
Pays où on fume le plus de tabac Grèce (3017 cigarettes par an en moyenne)
4%
Pays où on mange le plus de viande Uruguay (126,5 kg par an par personne)
4%
Pays qui a le moins d'adultes obèses Bangladesh (1,1 %)
2%
Pays où il y a le plus de femmes par rapport aux hommes Estonie (54% de femmes)
2%
Pays qui dépense le plus pour l'éducation Kiribati (17,8% du PIB)
2%
Aucun quiz correspondant
Distribution des résultats
% des personnes avec chaque résultat
Percentile par nombre de réponses
Votre historique - résultats
Vous n’avez pas pris ce quiz depuis la dernière actualisation